[Event "FICGS W-ch st1 g10 email"]
[Site "FICGS email"]
[Date "2009.02.03"]
[Round "1"]
[White "Freeman, Thomas"]
[Black "Burden, Don"]
[Result "1/2-1/2"]
[WhiteElo "1800"]
[BlackElo "2132"]
[PlyCount "80"]
[EventDate "2009.??.??"]
[EventType "tourn (corr)"]
[EventRounds "8"]
[SourceTitle "Corr 2022"]
[Source "ChessBase"]
[SourceDate "2021.10.24"]
[SourceVersion "1"]
[SourceVersionDate "2021.10.24"]
[SourceQuality "1"]

1. d4 Nf6 2. c4 e6 3. Nc3 Bb4 4. e3 0-0 5. Bd3 d5 6. Bd2 c5 7. a3 Bxc3 8. Bxc3 cxd4 9. exd4 dxc4 10. Bxc4 Qc7 11. Bd3 Rd8 12. Nf3 b6 13. Qe2 Bb7 14. 0-0 Qd6 15. Ne5 Nc6 16. Rad1 h6 17. Bb1 Nd5 18. Bd2 Nxd4 19. Qh5 Qc7 20. Bxh6 Nf6 21. Qg5 Ne8 22. Qe3 Ba6 23. Bg5 Bxf1 24. Bxd8 Rxd8 25. Rxf1 Rd5 26. f4 Nd6 27. Qf2 Qc5 28. Bh7+ Kxh7 29. Qh4+ Kg8 30. Qd8+ Ne8 31. Qxe8+ Qf8 32. Qxf8+ Kxf8 33. Kf2 g5 34. Nd3 gxf4 35. Nxf4 Rc5 36. Ke3 Nf5+ 37. Kd3 Ke7 38. h3 Ng3 39. Re1 Kf6 40. Re3 Rg5 1/2-1/2

[Event "FICGS W-ch st1 g10 email"]
[Site "FICGS email"]
[Date "2009.02.03"]
[Round "1"]
[White "Freeman, Thomas"]
[Black "Ratna, Jean Michel"]
[Result "1/2-1/2"]
[WhiteElo "1800"]
[BlackElo "1949"]
[PlyCount "67"]
[EventDate "2009.??.??"]
[EventType "tourn (corr)"]
[EventRounds "8"]
[SourceTitle "Corr 2022"]
[Source "ChessBase"]
[SourceDate "2021.10.24"]
[SourceVersion "1"]
[SourceVersionDate "2021.10.24"]
[SourceQuality "1"]

1. d4 Nf6 2. c4 g6 3. Nc3 d5 4. cxd5 Nxd5 5. g3 Bg7 6. Bg2 Nxc3 7. bxc3 c5 8. Nf3 Nc6 9. Be3 0-0 10. 0-0 cxd4 11. Nxd4 Na5 12. Rb1 a6 13. Qa4 Bd7 14. Qb4 Rc8 15. Rfd1 b5 16. Bd5 Nc4 17. Bg5 Nd6 18. Qa3 Re8 19. Qxa6 Rc5 20. Nf3 Qc7 21. Bf4 h6 22. Qa3 g5 23. Bxd6 exd6 24. c4 Rxe2 25. Qd3 Re7 26. cxb5 Qc8 27. Nd2 Rc3 28. Qf1 Bh3 29. Bg2 Bf5 30. Rb3 Bc2 31. b6 Bxd1 32. b7 Rxb7 33. Bxb7 Qg4 34. Rxc3 1/2-1/2

[Event "FICGS W-ch st1 g10 email"]
[Site "FICGS email"]
[Date "2009.02.03"]
[Round "1"]
[White "Van Assche, Jeroen"]
[Black "Freeman, Thomas"]
[Result "1-0"]
[WhiteElo "2009"]
[BlackElo "1800"]
[PlyCount "83"]
[EventDate "2009.??.??"]
[EventType "tourn (corr)"]
[EventRounds "8"]
[SourceTitle "Corr 2022"]
[Source "ChessBase"]
[SourceDate "2021.10.24"]
[SourceVersion "1"]
[SourceVersionDate "2021.10.24"]
[SourceQuality "1"]

1. e4 d5 2. exd5 Nf6 3. Nf3 Qxd5 4. Nc3 Qd6 5. d4 a6 6. g3 Bg4 7. Bg2 Nc6 8. 0-0 0-0-0 9. d5 Ne5 10. Bf4 Nxf3+ 11. Bxf3 Bxf3 12. Qxf3 e5 13. dxe6 Qxe6 14. Bg5 h5 15. h4 Bd6 16. Rae1 Be5 17. Na4 Rhe8 18. Nc5 Qd5 19. Qf5+ Kb8 20. Nd3 Bd4 21. Qxd5 Rxd5 22. Rxe8+ Nxe8 23. Re1 Nd6 24. Re7 f6 25. Be3 Nf5 26. Re8+ Ka7 27. Bxd4+ Nxd4 28. Nf4 Rf5 29. c3 Nf3+ 30. Kf1 g5 31. hxg5 fxg5 32. Nxh5 c5 33. Kg2 g4 34. Nf4 c4 35. Ng6 Ra5 36. Nh4 Rxa2 37. Nxf3 gxf3+ 38. Kxf3 Rxb2 39. g4 Rb3 40. Re3 a5 41. g5 a4 42. Kg2 1-0